| 000 | 00739nam a2200205Ii 4500 | ||
|---|---|---|---|
| 003 | JO-AjNU | ||
| 008 | 230605s9999||||xx |||||||||||||| ||und|| | ||
| 040 |
_aJO-AjNU _bara _erda _cJO-AjNU |
||
| 041 | _aara | ||
| 050 | 1 | 4 | _aBP135.2.S89 1990 |
| 100 | 3 |
_aالسيوطي جلال الدين؛ تحقيق وتعليق موفق فوزي جبر, _eauthor _937728 |
|
| 245 | 0 | 0 | _aإسعاف المبطا برجال الموطأ |
| 250 | _aط1 | ||
| 264 | 3 | 1 | _aبيروت: دار الهجرة، 1990 |
| 300 | _a161ص | ||
| 336 |
_atext _btxt _2rdacontent |
||
| 337 |
_aunmediated _bn _2rdamedia |
||
| 338 |
_avolume _bnc _2rdacarrier |
||
| 650 | 4 |
_aالحديث - مسند بن مالك - الحديث - شرح الحديث - اخكام _937729 |
|
| 999 |
_aA15790 _c19358 _d19358 |
||